书目信息 |
| 题名: |
计算机网络技术自考应试指导
|
|
| 作者: | 杨明福 主编 | |
| 分册: | ||
| 出版信息: | 南京 南京大学出版社 2000.01 |
|
| 页数: | 172页 | |
| 开本: | 26cm | |
| 丛书名: | 全国高等教育自学考试应试指导丛书 | |
| 单 册: | ||
| 中图分类: | TP393.03 | |
| 科图分类: | ||
| 主题词: | 计算机应用 | |
| 电子资源: | ||
| ISBN: | 7-305-02166-0 | |
| 000 | 00749nam0 2200229 450 | |
| 001 | 0630648510 | |
| 005 | 20060114083415.05 | |
| 010 | @a7-305-02166-0@dCNY17.00 | |
| 100 | @a20060114d2000 km y0chiy0120 ea | |
| 101 | 0 | @achi |
| 102 | @aCN@b320000 | |
| 200 | 1 | @a计算机网络技术自考应试指导@Aji suan ji wang luo ji shu zi kao ying shi zhi dao@f杨明福主编@Fyang ming fu zhu bian |
| 210 | @a南京@c南京大学出版社@d2000.01 | |
| 215 | @a172页@d26cm | |
| 225 | 2 | @a全国高等教育自学考试应试指导丛书 |
| 300 | @a中国计算机函授学院图书编写中心组编 | |
| 410 | 0 | @12001 @a全国高等教育自学考试应试指导丛书 |
| 606 | 0 | @a计算机应用 |
| 690 | @aTP393.03@v3 | |
| 701 | 0 | @a杨明福@Ayang ming fu@4主编 |
| 801 | 0 | @aCN@bPFT@c20060114 |
| 905 | @a10447@dTP393.03@eY230 | |
| 计算机网络技术自考应试指导/杨明福主编.-南京:南京大学出版社,2000.01 |
| 172页;26cm.-(全国高等教育自学考试应试指导丛书) |
| 中国计算机函授学院图书编写中心组编 |
| ISBN 7-305-02166-0:CNY17.00 |
| ● |
| 相关链接 |
|
|
|
正题名:计算机网络技术自考应试指导
索取号:TP393.03/Y230
 
预约/预借
| 序号 | 登录号 | 条形码 | 馆藏地/架位号 | 状态 | 备注 |
| 1 | 442768 | 204427682 | 自科二线504/504自科库 2排3列2层/ [索取号:TP393.03/Y230] | 在馆 |